00679nam a2200217Ia 4500003000900000008004100009040001300050040001300063041000800076100002700084245002700111250001200138260001600150260000900166300001100175300001100186490005500197942000700252999001700259952018500276IT-RoPAU120407s9999 xx 000 0 und d aIT-RoPAU cIT-RoPAU aita aEdward Russell Stabler aIl pensiero matematico aTorino  aBiringhieri c1970 a348 p. c19 cm aUniversale scientifica 49/50 cBK c33146d33146 00102ddc406LM__311_00000000000000071aPAULUSbPAULUSd2012-04-11l0oLM.311r2012-04-11 00:00:00w2012-04-11yBKzInserito da: In data: n.d. fondo: Via A.Severo 56 Progr:13768